[Event "Lliga Catalana DH"]
[Site "?"]
[Date "2015.01.24"]
[Round "1.1"]
[White "Alsina Leal, D."]
[Black "Peralta, F."]
[Result "1/2-1/2"]
[WhiteElo "2567"]
[BlackElo "2575"]
[PlyCount "110"]
[EventDate "2015.??.??"]
[EventType "team"]

1. e4 e6 2. d4 d5 3. Nc3 Nf6 4. e5 Nfd7 5. f4 c5 6. Nf3 Nc6 7. Be3 cxd4 8. Nxd4
Bc5 9. Qd2 O-O 10. O-O-O a6 11. Qf2 Qe7 12. Kb1 Nxd4 13. Bxd4 b5 14. Bd3 Bxd4
15. Qxd4 b4 16. Ne2 a5 17. h4 Ba6 18. h5 a4 19. g4 Rfc8 20. Rc1 Nc5 21. Bxa6
Nxa6 22. c4 bxc3 23. Rxc3 Rxc3 24. Qxc3 Qb7 25. Rc1 Rb8 26. g5 Nc5 27. Rc2 Ne4
28. Qc7 Nd2+ 29. Kc1 Nc4 30. Qxb7 Rxb7 31. Nd4 Rb4 32. b3 axb3 33. axb3 Nb6 34.
Rd2 h6 35. g6 Nd7 36. gxf7+ Kxf7 37. f5 Nxe5 38. fxe6+ Ke7 39. Kc2 Kd6 40. Kc3
Rb8 41. Ra2 Rc8+ 42. Kd2 Ng4 43. Ra7 Ke5 44. Rxg7 Nf6 45. Nf3+ Kxe6 46. Rg6 Kf5
47. Rxh6 Ne4+ 48. Kd1 Kf4 49. Nd4 Ke3 50. Rc6 Rf8 51. Nc2+ Kd3 52. Nb4+ Kd4 53.
Nc2+ Kd3 54. Nb4+ Kd4 55. Nc2+ Kd3 1/2-1/2

[Event "Lliga Catalana DH"]
[Site "?"]
[Date "2015.01.24"]
[Round "1.2"]
[White "Fluvia Poyatos, Joan"]
[Black "Vila Gazquez, X."]
[Result "0-1"]
[WhiteElo "2551"]
[BlackElo "2512"]
[PlyCount "56"]
[EventDate "2015.??.??"]
[EventType "team"]

1. e4 c5 2. Nf3 Nc6 3. d4 cxd4 4. Nxd4 g6 5. c4 Bg7 6. Nc2 Nf6 7. Nc3 O-O 8.
Be2 d6 9. O-O a6 10. Be3 Be6 11. f3 Rc8 12. Na4 Nd7 13. Na3 Nc5 14. Rb1 Nxa4
15. Qxa4 f5 16. Rfd1 fxe4 17. fxe4 Qe8 18. b3 Bd7 19. c5 Nd4 20. Bc4+ Kh8 21.
Qb4 dxc5 22. Qxb7 Bc6 23. Qxa6 Bxe4 24. Rbc1 Ra8 25. Qb6 Rxa3 26. Qxc5 Rxa2 27.
Rxd4 Rxg2+ 28. Kh1 Qb8 0-1

[Event "Lliga Catalana DH"]
[Site "?"]
[Date "2015.01.24"]
[Round "1.3"]
[White "Pardo Simon, D."]
[Black "Panelo Muñoz, MA."]
[Result "1/2-1/2"]
[WhiteElo "2474"]
[BlackElo "2457"]
[PlyCount "67"]
[EventDate "2015.??.??"]
[EventType "team"]

1. d4 Nf6 2. Nf3 d5 3. e3 c6 4. Bd3 Bg4 5. b3 Nbd7 6. Bb2 Qc7 7. Nbd2 e6 8. O-O
Bd6 9. h3 Bh5 10. c4 Bg6 11. Qe2 Rd8 12. Rac1 Qb8 13. Nh4 Bxd3 14. Qxd3 O-O 15.
f4 Bb4 16. Nhf3 Bxd2 17. Nxd2 b5 18. Ba3 Rfe8 19. cxb5 cxb5 20. Bb4 Rc8 21. Qb1
Qb6 22. Rxc8 Rxc8 23. Rc1 Rc7 24. Rc2 a5 25. Be7 Qb7 26. Bd8 Rxc2 27. Qxc2 Qa6
28. Qc7 h6 29. Nf3 b4 30. Bxf6 Nxf6 31. Ne5 Qe2 32. Qxf7+ Kh7 33. Qg6+ Kg8 34.
Qf7+ 1/2-1/2

[Event "Lliga Catalana DH"]
[Site "?"]
[Date "2015.01.24"]
[Round "1.4"]
[White "Jose Abril, R."]
[Black "Alexandrova, O."]
[Result "1/2-1/2"]
[WhiteElo "2400"]
[BlackElo "2438"]
[PlyCount "100"]
[EventDate "2015.??.??"]
[EventType "team"]

1. d4 e6 2. c4 Nf6 3. Nf3 Bb4+ 4. Bd2 Qe7 5. g3 Bxd2+ 6. Qxd2 Nc6 7. Nc3 d5 8.
b3 O-O 9. Bg2 dxc4 10. bxc4 Rd8 11. O-O e5 12. d5 Na5 13. Ne4 Nxc4 14. Nxf6+
gxf6 15. Qh6 Nb6 16. e4 c6 17. Nh4 cxd5 18. exd5 f5 19. Rad1 Rd6 20. Qh5 Qf6
21. Bh3 Rxd5 22. Rxd5 Nxd5 23. Bxf5 Bxf5 24. Nxf5 Ne7 25. Nh6+ Kf8 26. Re1 Ng6
27. Ng4 Qf3 28. Qh6+ Kg8 29. Qg5 Rf8 30. Nxe5 Qc3 31. Qe3 Qxe3 32. Rxe3 Nxe5
33. Rxe5 Rc8 34. Re7 Rc2 35. Rxb7 Rxa2 36. h4 Kg7 37. Kg2 Ra3 38. g4 h6 39. f3
Ra1 40. Kg3 a5 41. Rb6 a4 42. Kf4 a3 43. Ra6 a2 44. Kf5 Rf1 45. Rxa2 Rxf3+ 46.
Ke4 Rf1 47. Ra5 Rh1 48. h5 Re1+ 49. Kf4 Rf1+ 50. Kg3 Rg1+ 1/2-1/2

[Event "Lliga Catalana DH"]
[Site "?"]
[Date "2015.01.24"]
[Round "1.5"]
[White "Aloma Vidal, R."]
[Black "Oms Fuentes, L."]
[Result "1-0"]
[WhiteElo "2482"]
[BlackElo "2378"]
[PlyCount "65"]
[EventDate "2015.??.??"]
[EventType "team"]

1. d4 d5 2. c4 e6 3. Nc3 c5 4. cxd5 exd5 5. Nf3 Nc6 6. dxc5 d4 7. Na4 Bxc5 8.
Nxc5 Qa5+ 9. Bd2 Qxc5 10. Rc1 Qb6 11. e3 dxe3 12. Bxe3 Qb4+ 13. Bd2 Qe7+ 14.
Be2 Nf6 15. O-O O-O 16. Re1 Qd6 17. Qa4 Nd5 18. Bd3 Nce7 19. Qd4 Qb6 20. Rc5
Qd8 21. Qh4 Nf6 22. Bb1 Ng6 23. Qg3 Bd7 24. Bg5 Bc6 25. Rf5 Re8 26. Rf1 Re6 27.
h4 Qd6 28. Qxd6 Rxd6 29. Bxf6 Rxf6 30. Rxf6 gxf6 31. Nd4 Nxh4 32. Nxc6 bxc6 33.
Be4 1-0

[Event "Lliga Catalana DH"]
[Site "?"]
[Date "2015.01.24"]
[Round "1.6"]
[White "Raineri de Luca, P."]
[Black "Martin Gonzalez, A."]
[Result "1/2-1/2"]
[WhiteElo "2374"]
[BlackElo "2463"]
[PlyCount "218"]
[EventDate "2015.??.??"]
[EventType "team"]

1. d4 Nf6 2. c4 c5 3. d5 b5 4. Nf3 g6 5. cxb5 a6 6. Nc3 axb5 7. e4 b4 8. Nb5 d6
9. Bc4 Bg7 10. O-O O-O 11. e5 dxe5 12. Nxe5 Ba6 13. Nc6 Nxc6 14. dxc6 Qb6 15.
Qe2 Qxc6 16. a4 bxa3 17. Rxa3 Rab8 18. Na7 Bxc4 19. Qxc4 Qd5 20. Qe2 Qb7 21.
Qc4 Nd7 22. b3 Bd4 23. Be3 Bb2 24. Ra5 Qxb3 25. Qxb3 Rxb3 26. Nc6 e6 27. Ra7
Rd3 28. Rc7 Bf6 29. Rc1 Ra8 30. g3 Rd5 31. Kg2 Kg7 32. Rb1 Ne5 33. Nxe5 Bxe5
34. Rxc5 Rxc5 35. Bxc5 h5 36. h4 Rc8 37. Be3 Rc7 38. Rb4 Rd7 39. Ra4 Kf6 40.
Kf3 Kf5 41. Rc4 Bc7 42. Rb4 Be5 43. Rc4 f6 44. Ra4 Rd5 45. Rc4 Bd6 46. Ra4 e5
47. Rc4 Ra5 48. Bb6 Ra3+ 49. Kg2 Rb3 50. Bc5 Bb8 51. Be3 Rb5 52. Kf3 Bd6 53.
Ra4 Ke6 54. Ra6 Rd5 55. Rc6 Kf5 56. Rc4 Rb5 57. Ra4 Rb4 58. Ra6 e4+ 59. Kg2 Be5
60. Ra5 Kg4 61. Ba7 Rb3 62. Bc5 Rd3 63. Ra4 Kf5 64. Be3 Rb3 65. Rc4 Rd3 66. Ra4
Bd6 67. Rc4 Ke5 68. Ra4 Kd5 69. Ra5+ Ke6 70. Ra4 f5 71. Ra6 Ra3 72. Rb6 Kd5 73.
Rb5+ Kc6 74. Rb6+ Kc7 75. Rb2 Ra6 76. Rc2+ Kd7 77. Rb2 Kc6 78. Rc2+ Kd5 79. Rc8
Be5 80. Rc5+ Kd6 81. Rb5 Ke6 82. Rb7 Rd6 83. Bc5 Rc6 84. Be3 Bc7 85. Rb5 Rc3
86. Bb6 Bd6 87. Be3 Rc2 88. Rb6 Kd5 89. Rb5+ Kc4 90. Rb6 Bc5 91. Rc6 Kd5 92.
Rc8 Rc3 93. Rd8+ Ke6 94. Bxc5 Rxc5 95. Rg8 Kf7 96. Ra8 Rc2 97. Kf1 Rd2 98. Ra6
Rd7 99. Rb6 Re7 100. Ke2 Re6 101. Rb7+ Kf6 102. Rb5 Ra6 103. Kf1 Ke6 104. Ke2
Kd6 105. Kf1 Ra1+ 106. Kg2 Rc1 107. Rb6+ Rc6 108. Rb5 Rc2 109. Kg1 Ke6 1/2-1/2

[Event "Lliga Catalana DH"]
[Site "?"]
[Date "2015.01.24"]
[Round "1.7"]
[White "Arias Boo, G."]
[Black "Iglesias Romero, J."]
[Result "1/2-1/2"]
[WhiteElo "2389"]
[BlackElo "2365"]
[PlyCount "71"]
[EventDate "2015.??.??"]
[EventType "team"]

1. d4 d5 2. c4 e6 3. Nf3 Nf6 4. g3 dxc4 5. Bg2 c6 6. Ne5 Bb4+ 7. Bd2 Be7 8. e3
O-O 9. O-O c5 10. dxc5 Bxc5 11. Nxc4 Nc6 12. Bc3 Nd5 13. Qh5 Qe7 14. Ne5 Nxe5
15. Bxe5 f6 16. Bd4 Bxd4 17. exd4 Qb4 18. Nc3 Nxc3 19. bxc3 Qxc3 20. Rfd1 Qa3
21. Rac1 Qd6 22. Rc4 Rb8 23. Rdc1 Bd7 24. Qa5 Bc6 25. Bxc6 bxc6 26. Rxc6 Qxd4
27. Rc7 e5 28. Qxa7 Qxa7 29. Rxa7 Rf7 30. Rxf7 Kxf7 31. Rc7+ Kg6 32. a4 Rb1+
33. Kg2 Ra1 34. Ra7 h5 35. Kf3 Kf5 36. Rxg7 1/2-1/2

[Event "Lliga Catalana DH"]
[Site "?"]
[Date "2015.01.24"]
[Round "1.8"]
[White "Gutierrez Clares, J."]
[Black "Mestre Bellido, H."]
[Result "1/2-1/2"]
[WhiteElo "2328"]
[BlackElo "2348"]
[PlyCount "92"]
[EventDate "2015.??.??"]
[EventType "team"]

1. d4 d5 2. c4 c6 3. Nf3 Nf6 4. e3 a6 5. Bd3 Bg4 6. Qb3 Bxf3 7. gxf3 Qc7 8. f4
e6 9. Nc3 Nbd7 10. Bd2 dxc4 11. Bxc4 b5 12. Be2 c5 13. Bf3 Rd8 14. Rc1 Qd6 15.
Ne4 Nxe4 16. Bxe4 Nf6 17. Bf3 c4 18. Qc3 Nd5 19. Qa5 Be7 20. a4 Rb8 21. axb5
axb5 22. b3 Qa3 23. O-O cxb3 24. Ra1 Qxa5 25. Rxa5 O-O 26. Rb1 Nb6 27. Rxb3 Nc4
28. Ra2 b4 29. Be1 Rfc8 30. Ra4 Nb6 31. Ra7 Bf8 32. Bxb4 Nd5 33. Bxd5 exd5 34.
Ra4 Rc4 35. Bxf8 Rxb3 36. Ra8 h6 37. f5 Rc1+ 38. Kg2 Rc2 39. Bd6+ Kh7 40. Ra7
Rxe3 41. Rxf7 Ree2 42. Bg3 Kg8 43. Rd7 Re4 44. Rxd5 Rd2 45. Be5 Ree2 46. Bg3
Re4 1/2-1/2

[Event "Lliga Catalana DH"]
[Site "?"]
[Date "2015.01.24"]
[Round "1.9"]
[White "Ibañez Tarradellas, E."]
[Black "Fernandez Madrid, C."]
[Result "1/2-1/2"]
[WhiteElo "2364"]
[BlackElo "2270"]
[PlyCount "59"]
[EventDate "2015.??.??"]
[EventType "team"]

1. d4 g6 2. Bg5 Bg7 3. c3 Nf6 4. Nd2 O-O 5. Ngf3 d6 6. e4 c6 7. Be2 Qc7 8. O-O
Nbd7 9. Re1 b6 10. Bf1 e5 11. dxe5 Nxe5 12. Nd4 h6 13. Bh4 Nh5 14. h3 a6 15.
Nc4 Nxc4 16. Bxc4 b5 17. Be2 c5 18. Nf5 gxf5 19. Bxh5 fxe4 20. Rxe4 d5 21. Re3
Be6 22. Bf3 d4 23. cxd4 cxd4 24. Ra3 Ra7 25. Rc1 Qf4 26. Bg3 Qg5 27. Rc6 b4 28.
Raxa6 Rxa6 29. Rxa6 Rc8 30. h4 1/2-1/2

[Event "Lliga Catalana DH"]
[Site "?"]
[Date "2015.01.24"]
[Round "1.10"]
[White "Fernandez Serrano, P."]
[Black "Luna Cortes, L."]
[Result "0-1"]
[WhiteElo "2309"]
[BlackElo "2256"]
[PlyCount "132"]
[EventDate "2015.??.??"]
[EventType "team"]

1. d4 d5 2. Bf4 e6 3. e3 Nf6 4. Nd2 Be7 5. Bd3 b6 6. Ngf3 Bb7 7. O-O Nbd7 8.
Ne5 Nxe5 9. Bxe5 O-O 10. Qf3 Nd7 11. Qh3 f5 12. Bf4 c5 13. c3 Nf6 14. Nf3 Ne4
15. Be5 Qc8 16. Bxe4 dxe4 17. Qg3 g6 18. Ng5 Bd5 19. Rfc1 Qd8 20. Bc7 Qd7 21.
h4 c4 22. Bf4 Qe8 23. Nh3 Qd8 24. Ng5 Bf6 25. h5 Bxg5 26. Bxg5 Qe8 27. Bh6 Rf6
28. Bg5 Rf7 29. Bf4 Rb7 30. Be5 Kf7 31. Kf1 Qg8 32. h6 b5 33. Rab1 a5 34. Bg7
Qd8 35. Kg1 Qc7 36. Be5 Qd7 37. Qf4 Rg8 38. Bg7 Qc7 39. Qh4 Qe7 40. Qg3 Qc7 41.
Be5 Qd8 42. b3 Qf8 43. a4 cxb3 44. axb5 Bc4 45. f3 Rxb5 46. Bg7 Qb8 47. Qg5 Qd8
48. Qf4 a4 49. fxe4 Bd3 50. c4 Rb7 51. exf5 exf5 52. Rb2 a3 53. d5 axb2 54.
Bxb2 Be4 55. d6 Qd7 56. c5 Bc6 57. e4 Rb4 58. Qg5 Qd8 59. Qg3 Rxe4 60. Qxb3+
Re6 61. Re1 Rge8 62. Ra1 Qb8 63. Qc4 Qxb2 64. Ra7+ Kf6 65. Ra2 Re1+ 66. Kh2
Qe5+ 0-1

[Event "Lliga Catalana DH"]
[Site "?"]
[Date "2015.01.24"]
[Round "1.1"]
[White "Bachmann Schiavo, A."]
[Black "Magem Badals, J."]
[Result "1/2-1/2"]
[WhiteElo "2645"]
[BlackElo "2590"]
[PlyCount "69"]
[EventDate "2015.??.??"]
[EventType "team"]

1. c4 e6 2. Nf3 d5 3. g3 Nf6 4. Bg2 dxc4 5. O-O a6 6. a4 Nc6 7. a5 Bd7 8. b3
cxb3 9. Qxb3 Bd6 10. d4 O-O 11. Bb2 Rb8 12. Nbd2 Na7 13. e4 Be7 14. Rfe1 Bb5
15. h4 Nc6 16. Nc4 Bb4 17. Bc3 Bxc3 18. Qxc3 Bxc4 19. Qxc4 h6 20. Bf1 Re8 21.
Qc3 Qe7 22. Rab1 Na7 23. d5 exd5 24. exd5 Qd8 25. Rxe8+ Nxe8 26. Qd4 Nb5 27.
Bxb5 axb5 28. Rxb5 Nd6 29. Rc5 b6 30. axb6 Rxb6 31. Kg2 Rb5 32. Rxb5 Nxb5 33.
Qe5 Nd6 34. Nd4 Qe8 35. Qxe8+ 1/2-1/2

[Event "Lliga Catalana DH"]
[Site "?"]
[Date "2015.01.24"]
[Round "1.2"]
[White "Lopez Martinez, JM."]
[Black "Vocaturo, D."]
[Result "0-1"]
[WhiteElo "2571"]
[BlackElo "2585"]
[PlyCount "120"]
[EventDate "2015.??.??"]
[EventType "team"]

1. e4 e6 2. d4 d5 3. Nc3 Nf6 4. Bg5 Bb4 5. e5 h6 6. Bd2 Bxc3 7. bxc3 Ne4 8. Qg4
Kf8 9. Bd3 Nxd2 10. Kxd2 c5 11. Nf3 c4 12. Be2 Nc6 13. Rhb1 Rb8 14. h4 b5 15.
Qf4 a5 16. a3 Qe7 17. g4 Bd7 18. h5 Ke8 19. Qe3 Kd8 20. Rg1 Kc7 21. g5 b4 22.
axb4 axb4 23. gxh6 gxh6 24. cxb4 Rxb4 25. Ra2 Rb7 26. Rga1 f5 27. exf6 Qxf6 28.
Rg1 Be8 29. Ne5 Rf8 30. c3 Nxe5 31. dxe5 Qxf2 32. Rg7+ Bd7 33. Rh7 Qxe3+ 34.
Kxe3 Rf5 35. Rxh6 Rxe5+ 36. Kd2 Rb1 37. Rh7 Kd6 38. Ra6+ Bc6 39. Bd1 Rg5 40.
Ba4 Ke5 41. Rxc6 Rg2+ 42. Ke3 Rc1 43. Kf3 Ra2 44. Bb5 Rxc3+ 45. Kg4 Rg2+ 46.
Kh4 Rh2+ 47. Kg4 Rhh3 48. Kg5 Rcg3+ 49. Kh6 Kf6 50. Rxe6+ Kxe6 51. Bd7+ Ke5 52.
Bxh3 Rxh3 53. Rc7 c3 54. Kg6 d4 55. h6 Ke4 56. h7 Kd3 57. Rf7 c2 58. Rf1 Ke2
59. Rg1 d3 60. Rg2+ Ke3 0-1

[Event "Lliga Catalana DH"]
[Site "?"]
[Date "2015.01.24"]
[Round "1.3"]
[White "Valdes Romero, L."]
[Black "Alonso Rosell, A."]
[Result "0-1"]
[WhiteElo "2472"]
[BlackElo "2578"]
[PlyCount "110"]
[EventDate "2015.??.??"]
[EventType "team"]

1. Nf3 d5 2. g3 c6 3. Bg2 Nf6 4. d4 Bf5 5. c4 e6 6. Qb3 Qb6 7. Nc3 Nbd7 8. c5
Qa6 9. Bf1 Be4 10. Nxe4 dxe4 11. Nd2 b6 12. e3 Qa5 13. cxb6 Nxb6 14. Bg2 Bb4
15. a3 Nbd5 16. Qa2 Bxd2+ 17. Bxd2 Qb5 18. b4 h5 19. h3 O-O 20. Qc2 Rfe8 21.
Rc1 Qa6 22. Qb3 e5 23. dxe5 Rxe5 24. Rc4 Nb6 25. Rc2 Rd8 26. Bf1 Qc8 27. Bc3
Red5 28. Bd4 Qf5 29. Be2 Nbd7 30. Qc3 Ne5 31. Bxe5 Rxe5 32. Qxc6 Red5 33. Qc7
a6 34. h4 Kh7 35. Qf4 Qe6 36. Qc7 R8d6 37. a4 Nd7 38. Qc8 Qf6 39. O-O Ne5 40.
Qh3 Rd2 41. Rxd2 Rxd2 42. Bxh5 g6 43. Bg4 Rb2 44. h5 Rxb4 45. hxg6+ Kxg6 46.
Qh5+ Kg7 47. Bf5 Kf8 48. Qh7 Nf3+ 49. Kg2 Ng5 50. Qh4 Qxf5 51. Rc1 Kg7 52. a5
Rb8 53. g4 Qf3+ 54. Kf1 Ne6 55. Qh2 Rh8 0-1

[Event "Lliga Catalana DH"]
[Site "?"]
[Date "2015.01.24"]
[Round "1.4"]
[White "Perpinya Rofes, LM."]
[Black "Garriga Cazorla, P."]
[Result "0-1"]
[WhiteElo "2443"]
[BlackElo "2416"]
[PlyCount "72"]
[EventDate "2015.??.??"]
[EventType "team"]

1. e4 c5 2. Nf3 d6 3. d4 cxd4 4. Nxd4 Nf6 5. Nc3 a6 6. Be2 e5 7. Nb3 Be7 8. O-O
O-O 9. Kh1 Be6 10. f4 exf4 11. Bxf4 Nc6 12. Qe1 Ne5 13. Rd1 Qc7 14. Qg3 Rfe8
15. Nd4 b5 16. Nd5 Bxd5 17. exd5 Nfd7 18. Bd3 Bf8 19. Nf5 g6 20. Bh6 Bxh6 21.
Nxh6+ Kg7 22. Nf5+ Kh8 23. Nd4 Nb6 24. Be4 Kg8 25. h4 Nec4 26. Qf4 Re5 27. Nc6
f5 28. Nxe5 dxe5 29. d6 Qd7 30. Qf2 fxe4 31. b3 e3 32. Qf6 e2 33. bxc4 exd1=Q
34. Rxd1 Nxc4 35. Rf1 Nxd6 36. Qxe5 Re8 0-1

[Event "Lliga Catalana DH"]
[Site "?"]
[Date "2015.01.24"]
[Round "1.5"]
[White "Mayans Calvo, M."]
[Black "Lorenzo de la Riva, L."]
[Result "0-1"]
[WhiteElo "2339"]
[BlackElo "2428"]
[PlyCount "124"]
[EventDate "2015.??.??"]
[EventType "team"]

1. c4 e5 2. Nc3 Nf6 3. Nf3 Nc6 4. g3 d5 5. cxd5 Nxd5 6. Bg2 Nb6 7. O-O Be7 8.
a3 O-O 9. d3 Re8 10. b4 Bf8 11. Nd2 a5 12. b5 Nd4 13. e3 Ne6 14. Nc4 Nxc4 15.
dxc4 Nc5 16. Qc2 Bg4 17. f3 Be6 18. Rd1 Bd6 19. Nd5 c6 20. Nc3 Qe7 21. Bf1 a4
22. Rb1 Nb3 23. Bb2 Bc5 24. Kf2 Bxe3+ 25. Kg2 Bc5 26. Nxa4 Nd4 27. Bxd4 Bxd4
28. c5 cxb5 29. Bxb5 Red8 30. Bd3 g6 31. Be4 Ra7 32. Rb4 f5 33. Bd3 Kg7 34. Re1
Qf7 35. Bc4 Bxc4 36. Rxc4 h5 37. Rb1 h4 38. Rcb4 Rh8 39. Qb3 h3+ 40. Kf1 Qxb3
41. R1xb3 Kh6 42. Rc4 Rc8 43. f4 g5 44. Rb6+ Kh5 45. fxe5 Bxe5 46. Re6 Bh8 47.
Re7 Bf6 48. Rh7+ Kg6 49. Rd7 Rc6 50. Rb4 Rca6 51. c6 Rxc6 52. Ke2 Rc2+ 53. Rd2
Rxd2+ 54. Kxd2 b5 55. Nc5 Rxa3 56. Rxb5 Ra2+ 57. Ke3 Rxh2 58. Rb6 Kf7 59. Nd7
Bg7 60. Rb7 Ra2 61. g4 h2 62. Nc5+ Kg8 0-1

[Event "Lliga Catalana DH"]
[Site "?"]
[Date "2015.01.24"]
[Round "1.6"]
[White "Rahal, M."]
[Black "Fernandez Diaz, C."]
[Result "1/2-1/2"]
[WhiteElo "2437"]
[BlackElo "2336"]
[PlyCount "56"]
[EventDate "2015.??.??"]
[EventType "team"]

1. e4 c5 2. Nf3 d6 3. d4 cxd4 4. Nxd4 Nf6 5. Nc3 g6 6. g3 Bg7 7. Bg2 O-O 8. O-O
Nc6 9. Nxc6 bxc6 10. e5 dxe5 11. Bxc6 Rb8 12. Qxd8 Rxd8 13. Be3 Bf5 14. Rfd1
Rdc8 15. Bb5 a5 16. Rac1 Ng4 17. a4 Nxe3 18. fxe3 Bg4 19. Rd2 Rd8 20. Nb1 Bh6
21. Kf2 Rxd2+ 22. Nxd2 Rd8 23. Nb3 Rd6 24. Re1 e4 25. Be2 Bc8 26. Bb5 Bg4 27.
Be2 Bc8 28. Bb5 Bg4 1/2-1/2

[Event "Lliga Catalana DH"]
[Site "?"]
[Date "2015.01.24"]
[Round "1.8"]
[White "Diaz Camallonga, C."]
[Black "Montilla Carrillo, E."]
[Result "1-0"]
[WhiteElo "2411"]
[BlackElo "2295"]
[PlyCount "69"]
[EventDate "2015.??.??"]
[EventType "team"]

1. e4 c5 2. Nf3 d6 3. Bb5+ Bd7 4. Bxd7+ Nxd7 5. O-O Ngf6 6. Re1 g6 7. c3 Bg7 8.
d4 O-O 9. h3 cxd4 10. cxd4 d5 11. e5 Ne4 12. Qb3 Nb6 13. a4 Qd7 14. a5 Nc4 15.
Qa4 Qxa4 16. Rxa4 b6 17. Rxc4 dxc4 18. Rxe4 b5 19. Bd2 a6 20. Bb4 Ra7 21. d5
Rc8 22. Nc3 Bh6 23. Nd4 Bf8 24. Re1 e6 25. d6 Bg7 26. f4 Rd7 27. Ne4 h6 28. Bc5
Kf8 29. Bb6 Ke8 30. Rd1 b4 31. Nc5 c3 32. bxc3 bxc3 33. Nxd7 Kxd7 34. Nb3 c2
35. Rc1 1-0

[Event "Lliga Catalana DH"]
[Site "?"]
[Date "2015.01.24"]
[Round "1.9"]
[White "Morros Faura, R."]
[Black "Hernando Rodrigo, JM."]
[Result "1-0"]
[WhiteElo "2289"]
[BlackElo "2371"]
[PlyCount "109"]
[EventDate "2015.??.??"]
[EventType "team"]

1. e4 d5 2. exd5 Qxd5 3. Nf3 Bg4 4. Be2 Nc6 5. d4 O-O-O 6. Be3 e5 7. c4 Qa5+ 8.
Bd2 Bb4 9. d5 Bxf3 10. Bxf3 Nd4 11. Nc3 Qa6 12. b3 f5 13. a3 Nxf3+ 14. Qxf3 g6
15. O-O Bxc3 16. Bxc3 e4 17. Qe3 Nf6 18. Bxf6 Qxf6 19. Qxa7 Qa6 20. Qd4 Rhe8
21. Rfe1 Qd6 22. b4 c6 23. Qa7 Qb8 24. Qa4 Qc7 25. dxc6 Qxc6 26. Qxc6+ bxc6 27.
Rad1 Kc7 28. Rxd8 Rxd8 29. f3 Rd4 30. fxe4 fxe4 31. c5 Kd7 32. Kf2 Ke6 33. Ke2
Ke5 34. Rd1 Rc4 35. Rd6 Rc2+ 36. Kd1 Rxg2 37. Rxc6 e3 38. b5 Kd4 39. b6 Rb2 40.
a4 e2+ 41. Ke1 Ke3 42. Re6+ Kd3 43. a5 Rb1+ 44. Kf2 Rf1+ 45. Kg2 e1=Q 46. Rxe1
Rxe1 47. b7 Rb1 48. c6 Ke4 49. c7 Rb2+ 50. Kg3 Rb3+ 51. Kg4 h5+ 52. Kg5 Rxb7
53. c8=Q Rb5+ 54. Kxg6 Rxa5 55. Qc2+ 1-0

[Event "Lliga Catalana DH"]
[Site "?"]
[Date "2015.01.24"]
[Round "1.10"]
[White "Tallo Dominguez, I."]
[Black "Bals Hernandez, J."]
[Result "0-1"]
[WhiteElo "2340"]
[BlackElo "2264"]
[PlyCount "96"]
[EventDate "2015.??.??"]
[EventType "team"]

1. e4 c5 2. Nf3 Nc6 3. d4 cxd4 4. Nxd4 Nf6 5. Nc3 d6 6. h3 g6 7. Be3 Bg7 8. Bc4
O-O 9. Bb3 Bd7 10. O-O Qa5 11. f4 Nxd4 12. Bxd4 Bc6 13. Qd3 e6 14. Rad1 Rad8
15. g4 Rfe8 16. g5 Nh5 17. Bxg7 Nxg7 18. Rd2 Qc5+ 19. Kh2 b5 20. a3 a5 21. Nd1
a4 22. Ba2 b4 23. axb4 Qxb4 24. Nf2 Nh5 25. c3 Qb7 26. Qe3 Re7 27. Re1 Qa7 28.
Qf3 Qc5 29. Ng4 Kg7 30. c4 Red7 31. Qc3+ e5 32. f5 Rb8 33. Qf3 Rdb7 34. Ree2
Nf4 35. Rf2 gxf5 36. Nf6 Rb3 37. Bxb3 Rxb3 38. Qd1 Rxh3+ 39. Kg1 Rg3+ 40. Kh2
Rh3+ 41. Kg1 Qe3 42. Nd5 Bxd5 43. cxd5 Qxe4 44. Rh2 Rg3+ 45. Kf1 Qe3 46. Rdf2
Nh3 47. Rxh3 Rxh3 48. Kg1 f4 0-1

[Event "Lliga Catalana DH"]
[Site "?"]
[Date "2015.01.24"]
[Round "1.1"]
[White "Dvirnyy, D."]
[Black "Jerez Perez, A."]
[Result "1-0"]
[WhiteElo "2582"]
[BlackElo "2466"]
[PlyCount "65"]
[EventDate "2015.??.??"]
[EventType "team"]

1. c4 b6 2. e4 Bb7 3. Nc3 e5 4. Nf3 Nc6 5. Be2 Nf6 6. d3 Bc5 7. O-O h6 8. Be3
O-O 9. a3 a5 10. Rb1 Re8 11. h3 d6 12. Qd2 Nd7 13. Bd1 Bxe3 14. fxe3 Nc5 15.
Bc2 Rf8 16. Qf2 Ne7 17. Nh4 Bc8 18. d4 Nd7 19. Rbd1 Ba6 20. b3 c6 21. dxe5 Nxe5
22. Nf5 Nxf5 23. exf5 a4 24. Nxa4 b5 25. Nc5 bxc4 26. b4 c3 27. Rfe1 dxc5 28.
Rxd8 Raxd8 29. f6 cxb4 30. fxg7 Kxg7 31. Qf4 Ng6 32. Qxb4 Rc8 33. Qb6 1-0

[Event "Lliga Catalana DH"]
[Site "?"]
[Date "2015.01.24"]
[Round "1.2"]
[White "Granados Gomez, M."]
[Black "Rodriguez Cespedes, A."]
[Result "1/2-1/2"]
[WhiteElo "2442"]
[BlackElo "2463"]
[PlyCount "82"]
[EventDate "2015.??.??"]
[EventType "team"]

1. c4 e5 2. g3 Nf6 3. Bg2 Nc6 4. Nc3 Bb4 5. e4 d6 6. h3 Nd7 7. Nge2 Nc5 8. O-O
Ne6 9. f4 Bc5+ 10. Kh2 Ned4 11. f5 O-O 12. f6 g6 13. d3 Be6 14. Bh6 Re8 15.
Nxd4 Nxd4 16. Ne2 Nxe2 17. Qxe2 c6 18. Qd2 Qb6 19. a3 a5 20. Rab1 a4 21. d4
Bxd4 22. Rf3 Reb8 23. Bg7 Qd8 24. Qh6 b5 25. Rbf1 bxc4 26. Rf5 Bxf5 27. exf5
Ra7 28. Bxc6 Rxb2+ 29. Kh1 d5 30. Bh8 Qf8 31. Bg7 Qd8 32. Bh8 Qf8 33. Bg7 Qd8
34. fxg6 fxg6 35. f7+ Rxf7 36. Rxf7 Kxf7 37. Qxh7 Rb1+ 38. Kg2 Rb2+ 39. Kh1
Rb1+ 40. Kg2 Rb2+ 41. Kh1 Rb1+ 1/2-1/2

[Event "Lliga Catalana DH"]
[Site "?"]
[Date "2015.01.24"]
[Round "1.3"]
[White "Alarcon Casellas, R."]
[Black "Torrecillas Martinez, A."]
[Result "1-0"]
[WhiteElo "2503"]
[BlackElo "2408"]
[PlyCount "73"]
[EventDate "2015.??.??"]
[EventType "team"]

1. d4 d6 2. e4 Nf6 3. Nc3 g6 4. Nf3 Bg7 5. h3 O-O 6. Be3 d5 7. e5 Ne4 8. Nxe4
dxe4 9. Nd2 c5 10. c3 cxd4 11. cxd4 Nc6 12. Nxe4 Bf5 13. Nc3 Qb6 14. Bb5 Rfd8
15. Bxc6 Qxb2 16. Nd5 Bf8 17. g4 bxc6 18. gxf5 Rxd5 19. fxg6 hxg6 20. O-O e6
21. Qf3 Qb7 22. Rfc1 Rc8 23. h4 c5 24. dxc5 Qc7 25. Rab1 Bg7 26. c6 Qxe5 27.
Rb7 f6 28. Rxa7 Bf8 29. Qg4 Qf5 30. Qxf5 Rxf5 31. a4 Rd5 32. Rb7 Ra5 33. Rc4
Bd6 34. Bb6 Rd5 35. a5 Rd1+ 36. Kg2 Ra1 37. Rd7 1-0

[Event "Lliga Catalana DH"]
[Site "?"]
[Date "2015.01.24"]
[Round "1.4"]
[White "Almeida Toledano, D."]
[Black "Vidarte Morales, A."]
[Result "0-1"]
[WhiteElo "2357"]
[BlackElo "2444"]
[PlyCount "70"]
[EventDate "2015.??.??"]
[EventType "team"]

1. e4 c5 2. Nf3 d6 3. d4 cxd4 4. Nxd4 Nf6 5. Nc3 Nc6 6. Bg5 e6 7. Qd2 a6 8.
O-O-O Bd7 9. f4 h6 10. Bxf6 Qxf6 11. Nf3 Qd8 12. Kb1 Qc7 13. g4 O-O-O 14. h4
Be7 15. Be2 Kb8 16. g5 b5 17. Bd3 Rhe8 18. Rhg1 Bc8 19. Ne2 Bf8 20. Rg3 Bb7 21.
Qe3 Na5 22. Nd2 d5 23. Qg1 Nc4 24. e5 Rc8 25. Nb3 hxg5 26. hxg5 g6 27. Qe1 b4
28. Ned4 Qb6 29. Bf1 a5 30. Rh3 a4 31. Nc1 Bc5 32. Bxc4 dxc4 33. Qe3 Red8 34.
Nce2 c3 35. b3 Rd5 0-1

[Event "Lliga Catalana DH"]
[Site "?"]
[Date "2015.01.24"]
[Round "1.5"]
[White "Vehi Bach, VM."]
[Black "Ryan, J."]
[Result "1-0"]
[WhiteElo "2417"]
[BlackElo "2345"]
[PlyCount "77"]
[EventDate "2015.??.??"]
[EventType "team"]

1. e4 e6 2. d4 d5 3. Nc3 Nf6 4. Bg5 Bb4 5. e5 h6 6. Bd2 Bxc3 7. bxc3 Ne4 8. Qg4
g6 9. Qf4 c5 10. Bd3 Nxd2 11. Qxd2 c4 12. Be2 Bd7 13. h4 Bc6 14. h5 g5 15. Nf3
Nd7 16. Nh2 f5 17. exf6 Qxf6 18. Ng4 Qf5 19. Rh3 O-O-O 20. Re3 Rde8 21. O-O-O
Kb8 22. Re1 Re7 23. Bd1 Nb6 24. Rf3 Qh7 25. Rf6 Qg7 26. Rfxe6 Rxe6 27. Rxe6 Qf7
28. Rf6 Qe7 29. Qe3 Qxe3+ 30. Nxe3 Be8 31. Kd2 Kc7 32. Bf3 Bc6 33. Ng4 Nd7 34.
Rxh6 Rxh6 35. Nxh6 Nf6 36. g4 Bd7 37. Nf7 Bxg4 38. Bxg4 Nxg4 39. h6 1-0